000 00838nas a2200289 4500
001 BR2019000944
003 BR-BrBNA
005 20231205131834.0
007 ta
008 230509b bl.|||p| |||| 00| 00por d
040 _aBR-BrBNA
_bpor
_cBiblioteca Nacional de Agricultura
041 _a(Pt)
072 _aH20
100 1 _aLopes, J.R.M.
100 1 _aLuz, E.D.M.N.
100 1 _aBezerra, J.L.
245 1 _aVassoura-de-bruxa em cupuaçuzeiro no sul da Bahia
650 _aCUPUAÇU
650 _aVASSOURA-DE-BRUXA
650 _aDOENÇA FÚNGICA
650 _aCONTROLE INTEGRADO
650 _aBAHIA
773 0 _tAgrotrópica (Brazil)
_xISSN 0103-3816
_g(Sep-Dec 1999), v. 11(3) p. 177-182
_wBR2019000944
856 4 0 _dLink DSPACE/MAPA BR2019000944
909 _a202311
_bLúcia
_c55
_dLúcia Elande
942 _2AGRIS
_n0
_cANA
999 _c257002
_d257002